Normal view
MARC view
- Sakinah Salleh, Dr
Entry Personal Name
001 - CONTROL NUMBER
- control field: 9483
003 - CONTROL NUMBER IDENTIFIER
- control field: OSt
005 - DATE AND TIME OF LATEST TRANSACTION
- control field: 20230130150849.0
008 - FIXED-LENGTH DATA ELEMENTS
- fixed length control field: 230130|| aca||aabn | a|a d
040 ## - CATALOGING SOURCE
- Original cataloging agency: OSt
- Transcribing agency: OSt
100 ## - HEADING--PERSONAL NAME
- Personal name: Sakinah Salleh, Dr
670 ## - SOURCE DATA FOUND
- Source citation: Work cat.: (OSt): Sakinah Salleh, Dr., Apa khabar depresi?, 2020

PORTAL AKMAL
E-MEL JKDM
AKMAL2U
G-BAM
u-PUSTAKA